000 00710nma a22002177a 4500
005 20210325190753.0
006 g q ||
008 th tha d
041 _atha
090 _aMPO330
100 0 _aYJ15
245 1 0 _aแผนที่เชียงใหม่ [MAP]
260 3 _aกรุงเทพฯ :
_bสารคดี,
_cม.ป.ป.
300 _a1 แผ่นColour
650 0 4 _aเชียงใหม่ -- ภูมิประเทศและการท่องเที่ยว
650 0 4 _aเชียงใหม่ -- แผนที่
850 _aNALT
942 _cCD
997 _c000000000026343
_kVC
998 _aARUNTHIP
999 _c26343
_d26343